El imaginario clásico: edad de oro, utopía y Arcadia

Αποθηκεύτηκε σε:
Λεπτομέρειες βιβλιογραφικής εγγραφής
Κύριος συγγραφέας: Bauzá, Hugo Francisco (Συγγραφέας)
Μορφή: Βιβλίο
Γλώσσα:Ισπανικά
Έκδοση: Santiago de Compostela Universidad de Santiago de Compostela 1993
Σειρά:Publicacións en Estudios Clásicos, 8
Θέματα:
Ετικέτες: Προσθήκη ετικέτας
Δεν υπάρχουν, Καταχωρήστε ετικέτα πρώτοι!

MARC

LEADER 00000nam a2200000 a 4500
001 UCT5859
003 CL-VaPUC
008 961223e19930000SP |||||||||||||||||spa|d
082 0 4 |a 292  |b BAU  |2 21 
100 0 |a Bauzá, Hugo Francisco  |e author  |9 375457 
245 1 3 |a El imaginario clásico: edad de oro, utopía y Arcadia 
300 |a 226 p 
942 |c BK 
945 |d 19961223 00:00:00  |a nastorga 
260 |a Santiago de Compostela  |b Universidad de Santiago de Compostela  |c 1993 
600 0 7 |a VIRGILIO  |2 CL-VaPUC  |9 266332 
600 0 |a Horacio  |9 267078 
600 0 7 |a VIRGILIO MARON, PUBLIO  |2 CL-VaPUC  |9 266333 
650 0 |a Mitología   |9 255719 
650 0 |a Literatura clásica   |9 375458 
650 0 |a Poesía latina   |9 341307 
650 0 |a Historiadores  |9 314498 
650 0 |a Utopías  |9 255961 
650 7 |a COMEDIA GRIEGA  |2 CL-VaPUC  |9 326406 
650 7 |a NOVELA GRIEGA  |2 CL-VaPUC  |9 347730 
651 0 |a Grecia  |9 265314 
583 |a last modification  |c 20121003 12:29:48  |k Rodrigo Vera 
490 0 |a Publicacións en Estudios Clásicos, 8 
999 |c 254653  |d 254651 
952 |0 0  |1 0  |4 0  |6 292_000000000000000_BAU_1993  |7 0  |8 A  |9 276479  |a BIBHIS  |b BIBHIS  |d 2019-11-19  |i 3263266  |o 292 BAU 1993  |p 3263266  |r 2025-01-20  |w 2019-11-19  |y BK  |k HIS